Unique Last Letters Quiz Stats

Quiz Updated Jan 20, 2017

Challenge
Share
Tweet
Embed
Score 0/17 Timer 14:00
3 Plays Today
% Correct
Obama
60.3%
New York
58.3%
Utah
57.5%
Wyoming
52.3%
Iraq
50.9%
Trump
49.1%
Polk
35.6%
Denmark
21.9%
Luxembourg
21.2%
% Correct
Harding
20.7%
Bangladesh
17.4%
Zagreb
11.2%
Cobalt
10.9%
Kyiv
10.5%
Nickel
10.1%
Bismuth
8.5%
Phosphorus
8.4%

You're not logged in!

Compare scores with friends on all Sporcle quizzes.
Sign Up with Email
OR
Log In

You Might Also Like...

Show Comments

Extras

Top Quizzes Today


Score Distribution

Your Account Isn't Verified!

In order to create a playlist on Sporcle, you need to verify the email address you used during registration. Go to your Sporcle Settings to finish the process.